The essence of Buddhism / (Record no. 4658)

MARC details
000 -LEADER
fixed length control field 00539cam a2200193 4500
001 - CONTROL NUMBER
control field 5532
005 - DATE AND TIME OF LATEST TRANSACTION
control field 20181127175722.0
008 - FIXED-LENGTH DATA ELEMENTS--GENERAL INFORMATION
fixed length control field 991209s2001 mau 001 0 eng
010 ## - LIBRARY OF CONGRESS CONTROL NUMBER
LC control number 99089434
020 ## - INTERNATIONAL STANDARD BOOK NUMBER
International Standard Book Number 9780572030544 (pbk.)
042 ## - AUTHENTICATION CODE
Authentication code pcc
100 1# - MAIN ENTRY--PERSONAL NAME
Personal name Smith, Jo Durden.
Dates associated with a name
245 14 - TITLE STATEMENT
Title The essence of Buddhism /
Remainder of title Jo Durden Smith.
Statement of responsibility, etc. by Traleg Kyabgon.
260 ## - PUBLICATION, DISTRIBUTION, ETC.
Place of publication, distribution, etc. London :
Name of publisher, distributor, etc. Arcturus,
Date of publication, distribution, etc. 2006.
300 ## - PHYSICAL DESCRIPTION
Extent 239 p. ;
Dimensions 23 cm.
500 ## - GENERAL NOTE
General note Includes index.
650 #0 - SUBJECT ADDED ENTRY--TOPICAL TERM
Topical term or geographic name entry element Buddhism
General subdivision Doctrines.
Topical term or geographic name entry element Religious life
General subdivision Buddhism.
Holdings
Withdrawn status Lost status Source of classification or shelving scheme Damaged status Not for loan Collection code Home library Current library Shelving location Date acquired Serial Enumeration / chronology Inventory number Total Checkouts Total Renewals Full call number Barcode Date last seen Date last checked out Price effective from Koha item type
    Dewey Decimal Classification     Main TEST RTC Library RTC Library Main opac 11/08/2023 8877 7 8 241.3 SMI 30009711 27/06/2024 29/03/2024 27/11/2018 Main
Royal Thimphu College || All Right Reserved